000 00660nam 22002053 4500
001 201735
010 _a978-972-31-1303-7
021 _aPT
_b306750/10
090 _a201735
100 _a20260410d u||y0pory50 ba
200 _aO trímetro sofocliano : variações sobre um esquema
_fCarlos Morais
210 _a[Lisboa]
_cFundação Calouste Gulbenkian
_d2010
215 _a682 p.
_cbrochado
_d23 cm
225 _aTextos universitários de ciências sociais e humanas
606 _93661
_aCrítica Literária.Estudos Literários
675 _a82.09
_vPT
_zpor
700 _917096
_aMorais
_bCarlos
_f1960-
801 _aPT
_bBMMN
_gRPC
830 _cVanda
990 _cLIVROS